<?xml version="1.0" encoding="UTF-8"?>
<record
    xmlns:xsi="http://www.w3.org/2001/XMLSchema-instance"
    xsi:schemaLocation="http://www.loc.gov/MARC21/slim http://www.loc.gov/standards/marcxml/schema/MARC21slim.xsd"
    xmlns="http://www.loc.gov/MARC21/slim">

  <leader>00986nam a22002297a 4500</leader>
  <controlfield tag="005">20110728112413.0</controlfield>
  <controlfield tag="008">110728t        xxu||||| |||| 00| 0 mar d</controlfield>
  <datafield tag="010" ind1=" " ind2=" ">
    <subfield code="a">MAR-21154</subfield>
  </datafield>
  <datafield tag="020" ind1=" " ind2=" ">
    <subfield code="c">30.00</subfield>
  </datafield>
  <datafield tag="035" ind1=" " ind2=" ">
    <subfield code="a">MR-13812</subfield>
  </datafield>
  <datafield tag="037" ind1=" " ind2=" ">
    <subfield code="b">DPL/PUB</subfield>
  </datafield>
  <datafield tag="040" ind1=" " ind2=" ">
    <subfield code="a">DPL</subfield>
    <subfield code="b">MR</subfield>
  </datafield>
  <datafield tag="082" ind1=" " ind2=" ">
    <subfield code="a">398.2</subfield>
  </datafield>
  <datafield tag="100" ind1=" " ind2=" ">
    <subfield code="a">&#x917;&#x939;&#x93E;&#x923;&#x947;,&#x92E; &#x936;&#x93F;</subfield>
    <subfield code="9">30273</subfield>
  </datafield>
  <datafield tag="245" ind1=" " ind2=" ">
    <subfield code="a">&#x92A;&#x93E;&#x908;&#x915; &#x906;&#x92E;&#x94D;&#x939;&#x940; &#x91D;&#x93E;&#x921;&#x940;&#x91A;&#x947; /</subfield>
    <subfield code="b">&#x92E; &#x936;&#x93F; &#x917;&#x939;&#x93E;&#x923;&#x947;</subfield>
  </datafield>
  <datafield tag="246" ind1=" " ind2=" ">
    <subfield code="a">Pahik Amahi Jhadiche</subfield>
    <subfield code="b">by M S Gahane</subfield>
  </datafield>
  <datafield tag="260" ind1=" " ind2=" ">
    <subfield code="a">&#x917;&#x94B;&#x902;&#x926;&#x93F;&#x92F;&#x93E;</subfield>
    <subfield code="b">&#x906;&#x928;&#x902;&#x926; &#x90F;&#x92E; &#x917;&#x939;&#x93E;&#x923;&#x947;</subfield>
    <subfield code="c">2010</subfield>
  </datafield>
  <datafield tag="270" ind1=" " ind2=" ">
    <subfield code="a">&#x92E;&#x941;. &#x92B;&#x941;&#x91F;&#x93E;&#x933;&#x93E;,&#x92A;&#x94B;.&#x938;&#x94C;&#x926;&#x921;,&#x924;&#x939;.&#x938;&#x921;&#x915; &#x905;&#x930;&#x94D;&#x91C;&#x941;&#x928;&#x940;</subfield>
    <subfield code="b">&#x917;&#x94B;&#x902;&#x926;&#x93F;&#x92F;&#x93E;</subfield>
  </datafield>
  <datafield tag="300" ind1=" " ind2=" ">
    <subfield code="a">56&#x92A;&#x943;.</subfield>
    <subfield code="c">21&#x938;&#x947;&#x92E;&#x940;(&#x905;&#x91C;&#x93F;&#x932;&#x94D;&#x926;)</subfield>
  </datafield>
  <datafield tag="942" ind1=" " ind2=" ">
    <subfield code="2">ddc</subfield>
    <subfield code="c">MR</subfield>
    <subfield code="h">398.2</subfield>
    <subfield code="m">&#x917;&#x939;&#x93E;&#x923;&#x947;</subfield>
  </datafield>
  <datafield tag="999" ind1=" " ind2=" ">
    <subfield code="c">54511</subfield>
    <subfield code="d">54511</subfield>
  </datafield>
  <datafield tag="952" ind1=" " ind2=" ">
    <subfield code="0">0</subfield>
    <subfield code="1">0</subfield>
    <subfield code="2">ddc</subfield>
    <subfield code="4">0</subfield>
    <subfield code="7">1</subfield>
    <subfield code="8">NFIC</subfield>
    <subfield code="a">DBAD</subfield>
    <subfield code="b">DBAD</subfield>
    <subfield code="d">2011-07-28</subfield>
    <subfield code="e">DBAD / PUB</subfield>
    <subfield code="g">30.00</subfield>
    <subfield code="l">0</subfield>
    <subfield code="o">398.2 &#x917;&#x939;&#x93E;&#x923;&#x947;</subfield>
    <subfield code="p">MR-13812</subfield>
    <subfield code="r">2011-07-28 00:00:00</subfield>
    <subfield code="t">1</subfield>
    <subfield code="v">30.00</subfield>
    <subfield code="w">2011-07-28</subfield>
    <subfield code="y">MR</subfield>
  </datafield>
</record>
